| 000 | 00801nam a2200217 a 4500 | ||
|---|---|---|---|
| 001 | 2498 | ||
| 003 | CDMR | ||
| 005 | 20131203163950.0 | ||
| 008 | 130130s1971||||||||||||||||||||||||||||d | ||
| 040 |
_aCDMR _bcat _cCDMR |
||
| 100 | 1 |
_aChabrol, Claude _91872 |
|
| 245 | 1 | 3 |
_aLe récit féminin _b: contribution à l'analyse sémiologique du courrier du coeur et des entrevues ou 'enquêtes' sur la femme dans la presse féminine actuelle _cpar Claude Chabrol |
| 260 |
_aThe Hague _c1971 _bMouton |
||
| 300 | _a142 p. | ||
| 490 | 0 |
_aApproaches to Semiotics _v15 |
|
| 650 | 0 | 4 |
_94260 _aRevistes per a dones |
| 650 | 0 | 4 |
_94436 _aPaper segons el sexe en els mitjans de comunicació de massa |
| 650 | 0 | 4 |
_93349 _aAnàlisi del discurs |
| 650 | 0 | 4 |
_93818 _aMitjans de comunicació de massa i dones |
| 942 |
_cMON _2udc |
||
| 999 |
_c2498 _d2498 |
||